000
00300nam a22001337a 4500
008
170731b xxu||||| |||| 00| 0 eng d
020
_a
9780134900124
041
_a
eng
080
_2
2ND
_a
004
100
_a
32
101
_a
SHK
245
_a
UNIX NETWORK PORGRAMMING
_c
STEVENS,W.R
942
_2
udc
_c
BK
999
_c
22203
_d
22203